The age of reform, 1815-1870 / (Record no. 24674)
[ view plain ]
| 000 -LEADER | |
|---|---|
| fixed length control field | 01188cam a2200313 a 4500 |
| 001 - CONTROL NUMBER | |
| control field | 24674 |
| 003 - CONTROL NUMBER IDENTIFIER | |
| rucl marc code | BD-RjUL |
| 005 - DATE AND TIME OF LATEST TRANSACTION | |
| control field | 20211209001101.0 |
| 008 - FIXED-LENGTH DATA ELEMENTS--GENERAL INFORMATION | |
| fixed length control field | 140315r19721962enkb b 001 0 eng d |
| 035 ## - SYSTEM CONTROL NUMBER | |
| System control number | (BD-RjUL)24743 |
| 040 ## - CATALOGING SOURCE | |
| Original cataloging agency | DLC |
| Transcribing agency | DLC |
| Modifying agency | DLC |
| -- | BD-RjUL |
| Language of cataloging | eng |
| 041 ## - LANGUAGE CODE | |
| Language code of text/sound track or separate title | eng |
| 082 00 - DEWEY DECIMAL CLASSIFICATION NUMBER | |
| Classification number | 941.081 |
| Edition number | 20 |
| Author mark and year | WOA 1971 |
| 100 1# - MAIN ENTRY--PERSONAL NAME | |
| Personal name | Woodward, E. L. |
| Fuller form of name | (Ernest Llewellyn), |
| Dates associated with a name | 1890-1971. |
| 9 (RLIN) | 74884 |
| 245 14 - TITLE STATEMENT | |
| Title | The age of reform, 1815-1870 / |
| Statement of responsibility, etc. | by Sir Llewellyn Woodward. |
| 250 ## - EDITION STATEMENT | |
| Edition statement | 2nd ed. |
| 260 ## - PUBLICATION, DISTRIBUTION, ETC. (IMPRINT) | |
| Place of publication, distribution, etc. | Oxford : |
| Name of publisher, distributor, etc. | Oxford University Press, |
| Date of publication, distribution, etc. | 1962 [Reprinted 1972] |
| 300 ## - PHYSICAL DESCRIPTION | |
| Pagination | xviii, 681 p., [2] folded leaves : |
| Illustrations | maps ; |
| Size | 23 cm. |
| 504 ## - BIBLIOGRAPHY, ETC. NOTE | |
| Bibliography, etc | Includes bibliographical references and index. |
| 610 10 - SUBJECT ADDED ENTRY--CORPORATE NAME | |
| Corporate name or jurisdiction name as entry element | Great Britain. |
| Subordinate unit | Parliament |
| 651 #0 - SUBJECT ADDED ENTRY--GEOGRAPHIC NAME | |
| Geographic name | Great Britain |
| General subdivision | Politics and government |
| Chronological subdivision | 19th century. |
| 9 (RLIN) | 3066 |
| Geographic name | Great Britain |
| General subdivision | Social conditions |
| Chronological subdivision | 19th century. |
| 9 (RLIN) | 10728 |
| Geographic name | Great Britain |
| General subdivision | History |
| Chronological subdivision | 19th century. |
| 9 (RLIN) | 75947 |
| 856 42 - ELECTRONIC LOCATION AND ACCESS | |
| Materials specified | Publisher description |
| Uniform Resource Identifier | <a href="http://www.loc.gov/catdir/enhancements/fy0635/92006488-d.html">http://www.loc.gov/catdir/enhancements/fy0635/92006488-d.html</a> |
| 942 ## - ADDED ENTRY ELEMENTS (KOHA) | |
| Source of classification or shelving scheme | Dewey Decimal Classification |
| Koha item type | Books |
| Lost status | Source of classification or shelving scheme | Damaged status | Not for loan | Collection code | Permanent Location | Current Location | Shelving location | Date acquired | Source of acquisition | Total Checkouts | Full call number | Date last seen | Copy number | Koha item type | Cost, normal purchase price |
|---|---|---|---|---|---|---|---|---|---|---|---|---|---|---|---|
| Dewey Decimal Classification | Non-fiction | Central Library, University of Rajshahi | Central Library, University of Rajshahi | 30/01/1973 | British Councile Gift | 941.081 WOA 1971 | 15/03/2014 | C-10 | Books | ||||||
| Dewey Decimal Classification | Non-fiction | Central Library, University of Rajshahi | Central Library, University of Rajshahi | 30/01/1973 | Bratin | 941.081 WOA 1971 | 15/03/2014 | C-9 | Books | ||||||
| Dewey Decimal Classification | Non-fiction | Central Library, University of Rajshahi | Central Library, University of Rajshahi | 30/01/1973 | Bratin | 941.081 WOA 1971 | 15/03/2014 | C-7 | Books | ||||||
| Dewey Decimal Classification | Non-fiction | Central Library, University of Rajshahi | Central Library, University of Rajshahi | 12/03/1963 | Zeitlinger | 941.081 WOA 1962 | 15/03/2014 | C-7 | Books | 42.00 | |||||
| Dewey Decimal Classification | Non-fiction | Central Library, University of Rajshahi | Central Library, University of Rajshahi | Reading Room | 15/03/2014 | 941.081 WOA 1971 | 15/03/2014 | C-8 | Books | ||||||
| Dewey Decimal Classification | Non-fiction | Central Library, University of Rajshahi | Central Library, University of Rajshahi | 30/01/1973 | Britain | 941.081 WOA 1971 | 15/03/2014 | C-5 | Books | ||||||
| Dewey Decimal Classification | Non-fiction | Central Library, University of Rajshahi | Central Library, University of Rajshahi | 30/01/1973 | Britain | 941.081 WOA 1971 | 15/03/2014 | C-6 | Books | ||||||
| Dewey Decimal Classification | Non-fiction | Central Library, University of Rajshahi | Central Library, University of Rajshahi | 12/03/1963 | Jonathan wren & co. | 941.081 WOA 1971 | 16/03/2014 | C-4 | Books | 42.00 | |||||
| Dewey Decimal Classification | Non-fiction | Central Library, University of Rajshahi | Central Library, University of Rajshahi | 12/03/1963 | Jonathan wren & co. | 941.081 WOA 1971 | 16/03/2014 | C-3 | Books | 42.00 | |||||
| Dewey Decimal Classification | Added to bundle | Non-fiction | Central Library, University of Rajshahi | Central Library, University of Rajshahi | 25/02/1973 | zeithinger | 941.081 WOA 1971 | 25/03/2014 | C-1 | Books | |||||
| Dewey Decimal Classification | Non-fiction | Central Library, University of Rajshahi | Central Library, University of Rajshahi | 23/02/1973 | zeithinger | 941.081 WOA 1971 | 25/03/2014 | C-2 | Books |